000 00479nam a22001817a 4500
005 20221222101117.0
008 221222b ||||| |||| 00| 0 eng d
040 _cAL
041 _aEnglish
082 _223
_a954
_bSPEH
100 _aPercival Spear
_967442
245 _aHistory of India Vol 2
260 _aNew Delhi
_bPenguin Books
_c1990
300 _a299 p.
_bPB
_c20x13 cm.
650 _a History of India
_967443
700 _aSPEAR (Percival)
_967444
942 _2ddc
_cDB
999 _c226040
_d226040